| 000 | 00427nam a2200169Ia 4500 | ||
|---|---|---|---|
| 008 | 230917s9999||||xx |||||||||||||| ||und|| | ||
| 020 | _cPOU15 | ||
| 040 |
_e19954 _aMAIN |
||
| 041 | _aEnglish | ||
| 082 | _a301.51 S67E | ||
| 100 | _aSchotter, Andrew | ||
| 245 | 0 | _aEconomic theory of social institutions | |
| 250 | _a1st ed. | ||
| 260 |
_aLondon _bCambridge University Press _c1981 |
||
| 300 | _axii,178 p. | ||
| 942 | _cBK | ||
| 999 |
_c226620 _d226620 |
||